Estatísticas para Municípios da Paraíba em um Mapa

Clique aqui para jogar o quiz

Estatísticas Gerais

  • Esse quiz foi jogado 1 259 vezes
    (1 255 desde o último reset)
  • A pontuação média é 84 de 223

Respostas no mapa

Respostas codificadas por cores de uma escala verde-vermelha no mapa do quiz de acordo com a % correta abaixo.
 

Estatísticas das Respostas

Município% Correto
João Pessoa
96%
Campina Grande
91%
Patos
83%
Bayeux
81%
Santa Rita
78%
Cabedelo
77%
Sousa
77%
Cajazeiras
75%
Guarabira
65%
Areia
63%
Monteiro
62%
Mamanguape
61%
Pombal
61%
Bananeiras
60%
Conde
60%
Cuité
59%
Lagoa
59%
Sapé
59%
Mari
57%
Catolé do Rocha
56%
Baía da Traição
55%
Queimadas
55%
Rio Tinto
55%
Lucena
54%
Alagoa Grande
53%
Pedras de Fogo
52%
Santa Luzia
52%
Esperança
51%
Itaporanga
51%
Araruna
50%
Ingá
50%
Lagoa Seca
50%
Solânea
50%
Soledade
50%
Belém
49%
Princesa Isabel
49%
Itabaiana
48%
Remígio
48%
Alagoa Nova
47%
Alhandra
47%
Cabaceiras
46%
Picuí
46%
Riachão
46%
São Bento
46%
Cruz do Espírito Santo
45%
Piancó
45%
Pitimbu
45%
Sumé
45%
Taperoá
45%
Barra de Santa Rosa
44%
Caaporã
43%
Coremas
43%
Juazeirinho
43%
Malta
43%
Mataraca
43%
São José de Piranhas
43%
São Mamede
43%
Uiraúna
43%
Umbuzeiro
43%
Zabelê
43%
Boqueirão
42%
Cajazeirinhas
42%
Conceição
42%
Pocinhos
42%
Brejo do Cruz
41%
Gurinhém
41%
Pilões
41%
Alagoinha
40%
Cachoeira dos Índios
40%
Marizópolis
40%
Pirpirituba
40%
Puxinanã
40%
Arara
39%
Barra de Santana
39%
Itapororoca
39%
Marcação
39%
Serra Branca
39%
Junco do Seridó
38%
Massaranduba
38%
Nova Floresta
38%
São João do Rio do Peixe
38%
Areial
37%
Fagundes
37%
Lastro
37%
Mulungu
37%
Riachão do Bacamarte
37%
Teixeira
37%
Triunfo
37%
Várzea
37%
Araçagi
36%
Aroeiras
36%
Borborema
36%
Cacimba de Dentro
36%
Duas Estradas
36%
Paulista
36%
Pilar
36%
Riacho dos Cavalos
36%
Caldas Brandão
35%
Capim
35%
Condado
35%
Cuité de Mamanguape
35%
Diamante
35%
Dona Inês
35%
Lagoa de Dentro
35%
Manaíra
35%
Monte Horebe
35%
Pedra Lavrada
35%
Água Branca
34%
Alcantil
34%
Algodão de Jandaíra
34%
Aparecida
34%
Casserengue
34%
Congo
34%
Coxixola
34%
Jacaraú
34%
Juarez Távora
34%
Logradouro
34%
Mãe d'Água
34%
Matinhas
34%
Matureia
34%
Olivedos
34%
Pilõezinhos
34%
São José da Lagoa Tapada
34%
São Miguel de Taipu
34%
Serraria
34%
Vieirópolis
34%
Aguiar
33%
Caturité
33%
Joca Claudino
33%
Natuba
33%
São Sebastião de Lagoa de Roça
33%
Assunção
32%
Belém do Brejo do Cruz
32%
Boa Vista
32%
Camalaú
32%
Emas
32%
Gado Bravo
32%
Gurjão
32%
Igaracy
32%
Juru
32%
Mogeiro
32%
Poço Dantas
32%
Santa Inês
32%
São Bentinho
32%
Serra Redonda
32%
Tacima
32%
Caiçara
31%
Cubati
31%
Cuitegi
31%
Desterro
31%
Montadas
31%
Salgado de São Félix
31%
Santa Helena
31%
Baraúna
30%
Barra de São Miguel
30%
Bonito de Santa Fé
30%
Catingueira
30%
Jericó
30%
Juripiranga
30%
Mato Grosso
30%
Nazarezinho
30%
Nova Olinda
30%
Pedro Régis
30%
São Domingos
30%
São José de Espinharas
30%
Sobrado
30%
Tenório
30%
Itatuba
29%
Santa Cruz
29%
São Sebastião do Umbuzeiro
29%
São Vicente do Seridó
29%
Serra da Raiz
29%
Sossêgo
29%
Vista Serrana
29%
Amparo
28%
Areia de Baraúnas
28%
Cacimba de Areia
28%
Cacimbas
28%
Damião
28%
Livramento
28%
Olho d'Água
28%
Parari
28%
Prata
28%
Quixaba
28%
Riachão do Poço
28%
São João do Tigre
28%
São José de Princesa
28%
Sertãozinho
28%
Bom Jesus
27%
Curral de Cima
27%
Frei Martinho
27%
Poço de José de Moura
27%
Santo André
27%
São José do Brejo do Cruz
27%
Curral Velho
26%
Ibiara
26%
Salgadinho
26%
Santana dos Garrotes
26%
São João do Cariri
26%
Tavares
26%
Bernardino Batista
25%
Carrapateira
25%
Imaculada
25%
Nova Palmeira
25%
Pedra Branca
25%
Brejo dos Santos
24%
Santa Cecília
24%
Bom Sucesso
23%
Santa Teresinha
23%
Ouro Velho
22%
Passagem
22%
São José do Sabugi
22%
Boa Ventura
21%
Caraúbas
21%
Santana de Mangueira
21%
São José de Caiana
21%
São José dos Cordeiros
21%
São José dos Ramos
21%
Serra Grande
21%
São José do Bonfim
20%
São Domingos do Cariri
19%
São Francisco
19%
Riacho de Santo Antônio
16%

Distribuição das Pontuações

Percentil de Números Respondidos

Porcentagem de Pessoas com Cada Pontuação

Sua Pontuação Histórica

Você não jogou esse quiz desde o último reset